|
|
|
|
| LEADER |
00000nam a2200000 a 4500 |
| 001 |
vtls008847942 |
| 003 |
SK-MaSNL |
| 005 |
20260301080309.0 |
| 008 |
171123s2004 xo l f a 100 0 slo |
| 015 |
|
|
|a SNBA2006/09-04774
|
| 020 |
|
|
|a 8096912712 (brož.)
|
| 035 |
|
|
|a 86BA9652-249F-4ECA-999B-CB9FD46F3717
|
| 035 |
|
|
|a urn:nbn:sk:snk-amluv3
|
| 035 |
|
|
|a urn:nbn:sk:snk-am00ccta
|
| 040 |
|
|
|a SNK
|b slo
|c SNK
|e AACR2
|
| 041 |
0 |
|
|a slo
|b slo
|
| 044 |
|
|
|a xo
|c SK
|
| 072 |
|
7 |
|a 624
|x Inžinierske staviteľstvo
|2 konspekt
|
| 080 |
|
|
|a (063)
|2 2001
|
| 080 |
|
|
|a 624.15
|2 2001
|
| 111 |
2 |
|
|a Zakladanie stavieb
|n (6. :
|d 2004 :
|c Stará Lesná, Slovensko)
|9 90609
|
| 245 |
1 |
0 |
|a Zakladanie stavieb 2004
|b zakladanie halových objektov : zborník príspevkov zo 6. konferencie : Vysoké Tatry- Stará Lesná, 14.-15. október 2004
|c [autori: kolektív]
|
| 250 |
|
|
|a [1. vyd.]
|
| 260 |
|
|
|a [Trnava]
|b Spolok statikov Slovenska
|c 2004
|
| 300 |
|
|
|a 143 s.
|b sch.
|c 29 cm
|
| 366 |
|
|
|e 100 výtl.
|
| 500 |
|
|
|a Názov z obalu
|
| 500 |
|
|
|a Miesto vydania podľa ISBN
|
| 504 |
|
|
|a Bibliogr. odkazy
|
| 546 |
|
|
|a Res. slov.
|
| 650 |
0 |
7 |
|a zakladanie stavieb
|2 SNKPH
|9 24946
|
| 655 |
|
7 |
|a zborníky konferencií
|2 SNKPH
|9 70153
|
| 919 |
|
|
|a 80-969127-1-2
|
| 958 |
|
|
|a ART
|
| 999 |
|
|
|c 652849
|d 654779
|
| 952 |
|
|
|a SNK
|b SNK
|y PREZ
|7 0
|p 17A0460487
|o snkSB 72848
|i snk2006/18408
|8 0
|0 0
|1 0
|4 0
|d 2006-09-21
|f 1
|l 0
|r 2025-04-25 00:00:00
|w 2026-02-23
|
| 952 |
|
|
|a SNK
|b SNK
|y VYP
|7 0
|p 17A0460488
|o snkSB 72848 D1
|i snk2006/18409
|8 0
|0 0
|1 0
|4 0
|d 2006-09-21
|l 0
|r 2016-06-30 00:00:00
|w 2026-02-23
|